Southville International School and Colleges
Your cart is empty.
  • Cart
  • Lists
    Public lists Eva Luna New books Lux_list list_1
    Your lists Log in to create your own lists
  • Log in to your account
  • Your cookies
  • Search history
Southville International School and Colleges
  • Advanced search
  • Recent comments
  • Most popular
  • Libraries

Log in to your account

Log in with GOOGLE


If you do not have an external account, but do have a local account, you can still log in:

  1. Home
  2. MARC view: Pesticides :
Normal view MARC view ISBD view

Pesticides : (Record no. 3405)

[ view plain ]
MARC details
000 -LEADER
fixed length control field 00580nam a22001937a 4500
003 - CONTROL NUMBER IDENTIFIER
control field OSt
005 - DATE AND TIME OF LATEST TRANSACTION
control field 20140310181755.0
008 - FIXED-LENGTH DATA ELEMENTS--GENERAL INFORMATION
fixed length control field 130629t xxu||||| |||| 00| 0 eng d
050 ## - LIBRARY OF CONGRESS CALL NUMBER
Classification number SB 951
Item number .C518 1997
082 ## - DEWEY DECIMAL CLASSIFICATION NUMBER
Classification number FIL 577
Item number C42 2001
100 ## - MAIN ENTRY--PERSONAL NAME
Personal name Cheng, Charles L
245 ## - TITLE STATEMENT
Title Pesticides :
Remainder of title its hazardous effects on the Benguet farmers and the environment /
Statement of responsibility, etc Charles L. Cheng.
260 ## - PUBLICATION, DISTRIBUTION, ETC. (IMPRINT)
Place of publication, distribution, etc Baguio City, Philippines :
Name of publisher, distributor, etc Unique Printing Press,
Date of publication, distribution, etc 1997.
300 ## - PHYSICAL DESCRIPTION
Extent 152 p. :
Other physical details ill. ;
Dimensions 22 cm.
562 ## - COPY AND VERSION IDENTIFICATION NOTE
Number of copies 1
650 ## - SUBJECT ADDED ENTRY--TOPICAL TERM
Topical term or geographic name as entry element Pesticides
942 ## - ADDED ENTRY ELEMENTS (KOHA)
Source of classification or shelving scheme Library of Congress Classification
Koha item type Books
Holdings
Withdrawn status Lost status Source of classification or shelving scheme Damaged status Home library Current library Shelving location Date acquired Total Checkouts Full call number Barcode Date last seen Copy number Price effective from Koha item type
    Library of Congress Classification   Luxembourg Library Luxembourg Library Filipiniana Section 06/29/2013   SB 951 .C518 1997 15039 08/13/2013 1 06/29/2013 Books

Pesticides :

APA

Cheng C. L., . (1997). Pesticides. Baguio City, Philippines: Unique Printing Press.

Chicago

Cheng Charles L, . 1997. Pesticides. Baguio City, Philippines: Unique Printing Press.

Harvard

Cheng C. L., . (1997). Pesticides. Baguio City, Philippines: Unique Printing Press.

MLA

Cheng Charles L, . Pesticides. Baguio City, Philippines: Unique Printing Press. 1997.

  • Place hold
  • Print
  • Cite
  • Add to your cart (remove)
  • Save record
    BIBTEX Dublin Core MARCXML MARC (non-Unicode/MARC-8) MARC (Unicode/UTF-8) MARC (Unicode/UTF-8, Standard) MODS (XML) RIS
  • More searches
    Search for this title in:
    Other Libraries (WorldCat) Other Databases (Google Scholar) Online Stores (Bookfinder.com) Open Library (openlibrary.org)

Exporting to Dublin Core...

SOUTHVILLE LIBRARY

Southville International School and Colleges Library

1281 Tropical Ave. Cor. Luxembourg St., BF Homes International, Las Pinas City

Tel. No. 8256374 / 252358 Loc. 117/146

Powered by Koha